000 00552nam a22002177a 4500
003 UA-OsUOA
001 49880
007 ta
008 20071012b un ||||| |||| 00| 0 ukr d
090 _a336.14
_bЗ-19
942 _cBK
040 _aUA-OsUOA
_bukr
_cUA-OsUOA
_dUA-OsUOA
245 _aЗакон України "Про Державний бюджет України на 2007 рік"
300 _a332 с.
955 _a1
041 _aukr
080 _a336.14
260 _aК.
_c2006
650 7 _a336 Фінанси
_2UDC
999 _c335976
_d335976